Microsoft Windows 3.1

Saved in:
Bibliographic Details
Main Author: Jamsa, Kris
Format: Book
Language:Czech
Published: Praha Grada 1993
Edition:1. vyd.
Tags: Add Tag
No Tags, Be the first to tag this record!

MARC

LEADER 00000nam a2200000 4500
001 c005693
005 20250522121439.6
020 |a 80-85623-77-3 
041 0 |a cze 
044 |a CZ 
245 1 0 |a Microsoft Windows 3.1  |c Kris Jamsa 
250 |a 1. vyd. 
264 1 |a Praha  |b Grada  |c 1993 
300 |a 250 s. 
100 1 |a Jamsa, Kris